MARC

LEADER 00000nas a2200000 a 4500
001 ssj0002343
003 WaSeSS
005 20200512172242.0
006 m d
007 cr n
008 750921d18862016mouwx pes 0 a0eng c
010 |a sc 80000267   |z sn 78001220  
022 |l 0038-805X  |y 0038-805X 
035 |a (WaSeSS)ssj0002343 
037 |b Sporting News, 1212 N. Lindberg Blvd., P.O. Box 56, St. Louis, MO 63166 
040 |a MUL  |b eng  |c MUL  |d COO  |d NSD  |d COO  |d DLC  |d NSD  |d DLC  |d NSD  |d NST  |d NSD  |d AIP  |d NST  |d NSD  |d NST  |d NSD  |d IUL  |d HUL  |d DLC  |d OCLCQ  |d WAU  |d MUQ  |d OCLCQ  |d OCLCF  |d OCLCO  |d DLC  |d JDP  |d OCLCO  |d OCLCQ  |d OCLCO  |d RDF  |d WaSeSS 
042 |a pcc  |a nsdp 
043 |a n-us---  |a n-cn--- 
050 1 4 |a GV561  |b .S74 
082 1 0 |a 796  |2 11 
210 1 |a Sport. news 
222 4 |a The Sporting news 
245 0 4 |a The sporting news  |h [electronic resource]. 
260 |a St. Louis, MO :  |b Sporting News Pub. Co. 
310 |a 62 no. a year,  |b <Dec. 28, 1992-> 
321 |a 55 no. a year,  |b <Jan. 6, 1986-> 
362 1 |a Began in 1886; ceased in 2016? 
506 |a License restrictions may limit access. 
588 |a Description based on: Vol. 205, no. 12 (Nov. 14, 1988); title from caption. 
650 0 |a Sports  |v Periodicals. 
650 0 |a Sports  |z United States  |v Periodicals. 
650 0 |a Sports  |z Canada  |v Periodicals. 
650 6 |a Sports  |v Périodiques. 
650 6 |a Sports  |z Canada  |v Périodiques. 
650 6 |a Sports  |z États-Unis  |v Périodiques. 
650 7 |a Sports.  |2 fast  |0 (OCoLC)fst01130432 
651 7 |a Canada.  |2 fast  |0 (OCoLC)fst01204310 
651 7 |a United States.  |2 fast  |0 (OCoLC)fst01204155 
655 0 |a Electronic journals. 
770 0 |t Index to the Sporting news  |x 1041-2859  |w (DLC) 92662143  |w (OCoLC)18708903 
785 0 0 |t Street & Smith's yearbooks. College football  |x 2573-5675  |w (DLC) 2017202149  |w (OCoLC)990298781 
850 |a CaNSH  |a CaNSHD  |a DeU  |a IaAS  |a InU  |a KMK  |a MH-L  |a MdU  |a MoKU  |a NcD  |a OCU  |a OrU  |a P  |a TU  |a TxU  |a ViBlbV  |a WyU 
856 4 0 |z Full text available from Research Library: 07/01/1991 to 10/10/2011  |u https://search.proquest.com/publication/48117